| 000 | 00589nam a2200193Ia 4500 | ||
|---|---|---|---|
| 003 | GCL | ||
| 008 | 140319s9999 xx 000 0 ara d | ||
| 040 |
_aGCL / _cGCL |
||
| 082 | 0 | 4 |
_a154.6 _bب أ |
| 100 | 1 | _aبوربلى الكسندر | |
| 245 | 1 | 0 |
_aاسرار النوم / _cبوربلى الكسندر |
| 700 | 1 | _aاحمد عبدالعزيز سلامة | |
| 300 | _a300 ص | ||
| 490 |
_aعالم المعرفة _v0 |
||
| 650 | 0 | 4 | _aعلم النفس الفسيولوجى |
| 650 | 0 | 4 | _aالنوم |
| 650 | 0 | 4 | _aالنوم - الجوانب الفسيولوجية |
| 942 |
_2ddc _cBK |
||
| 999 |
_c51497 _d51497 |
||